Heating, ventilating, and air conditioning : (Record no. 176050)

000 -LEADER
fixed length control field 01257 a2200253 4500
003 - CONTROL NUMBER IDENTIFIER
control field Nust
005 - DATE AND TIME OF LATEST TRANSACTION
control field 20221007174358.0
010 ## - LIBRARY OF CONGRESS CONTROL NUMBER
LC control number 87034604
020 ## - INTERNATIONAL STANDARD BOOK NUMBER
International Standard Book Number 0471637572
040 ## - CATALOGING SOURCE
Transcribing agency Nust
082 00 - DEWEY DECIMAL CLASSIFICATION NUMBER
Classification number 697,MCQ
100 1# - MAIN ENTRY--PERSONAL NAME
Personal name McQuiston, Faye C.
9 (RLIN) 86943
245 10 - TITLE STATEMENT
Title Heating, ventilating, and air conditioning :
Remainder of title analysis and design /
Statement of responsibility, etc. Faye C. McQuiston, Jerald D. Parker.
250 ## - EDITION STATEMENT
Edition statement 3rd ed.
260 ## - PUBLICATION, DISTRIBUTION, ETC.
Place of publication, distribution, etc. New York :
Name of publisher, distributor, etc. Wiley,
Date of publication, distribution, etc. c1988.
300 ## - PHYSICAL DESCRIPTION
Extent xx, 746 p. :
Other physical details ill. ;
Dimensions 24 cm.
500 ## - GENERAL NOTE
General note .
505 ## - FORMATTED CONTENTS NOTE
Formatted contents note Introduction (Page-1), Air-Conditioning Systems (Page-12), Moist Air Properties and Conditioning Processes (Page-50), Comfort and Health (Page-97), Heat Transmission in Building Structure (Page-131), Solar Radiation (Page-177)Space Heat Load (Page-206), The Cooling Load (Page-245), Fluid Flow, Pumps, and Piping Design (Page-330), Room Air Distribution (Page-390), Fans and Building Air Distribution (Page-423).Mass Transfer and the Measurement of Humidity (Page-511). Direct Contact Heat and Mass Tranfer (Page-529), Extended Surface Heat Exchangers (Page-548), Refrigeration (Page-608).
650 #0 - SUBJECT ADDED ENTRY--TOPICAL TERM
Topical term or geographic name entry element Air conditioning.
650 #0 - SUBJECT ADDED ENTRY--TOPICAL TERM
Topical term or geographic name entry element Heating.
650 #0 - SUBJECT ADDED ENTRY--TOPICAL TERM
Topical term or geographic name entry element Ventilation.
700 1# - ADDED ENTRY--PERSONAL NAME
Personal name Parker, Jerald D.
9 (RLIN) 99522
942 ## - ADDED ENTRY ELEMENTS (KOHA)
Koha item type Reference
Source of classification or shelving scheme
Holdings
Withdrawn status Lost status Source of classification or shelving scheme Damaged status Not for loan Permanent Location Current Location Shelving location Date acquired Full call number Barcode Date last seen Price effective from Koha item type Public note
          Military College of Signals (MCS) Military College of Signals (MCS) Reference 12/12/2016 697,MCQ MCS20876 12/08/2016 12/12/2016 Reference Almirah No.24, Shelf No.6
© 2023 Central Library, National University of Sciences and Technology. All Rights Reserved.